Upkar's practice sets : (Record no. 127207)

MARC details
000 -LEADER
fixed length control field 00637nam a22002177a 4500
005 - DATE AND TIME OF LATEST TRANSACTION
control field 20170124110021.0
010 ## - LIBRARY OF CONGRESS CONTROL NUMBER
LC control number B-044934
020 ## - INTERNATIONAL STANDARD BOOK NUMBER
Terms of availability 78.00
035 ## - SYSTEM CONTROL NUMBER
System control number B-044934
037 ## - SOURCE OF ACQUISITION
Source of stock number/acquisition Cen Lib/Ret
040 ## - CATALOGING SOURCE
Original cataloging agency DPL
Language of cataloging EN
082 ## - DEWEY DECIMAL CLASSIFICATION NUMBER
Classification number 500
Item number UPK
245 ## - TITLE STATEMENT
Title Upkar's practice sets :
Statement of responsibility, etc by H. P. Sharma...[et al.].
Remainder of title medical entrance test /
260 ## - PUBLICATION, DISTRIBUTION, ETC. (IMPRINT)
Place of publication, distribution, etc Agra
Name of publisher, distributor, etc Upkar Prakashan
270 ## - ADDRESS
City Agra
Address B-2/19 B, Lawrence Road
Postal code 282002
300 ## - PHYSICAL DESCRIPTION
Extent vii,227p.:
Dimensions 24cm(Hb)
Other physical details ill.
650 ## - SUBJECT ADDED ENTRY--TOPICAL TERM
Topical term or geographic name as entry element Medical entrance
9 (RLIN) 19786
650 ## - SUBJECT ADDED ENTRY--TOPICAL TERM
Topical term or geographic name as entry element Examination plan
9 (RLIN) 19787
700 ## - ADDED ENTRY--PERSONAL NAME
Personal name Sharma, H. P.
9 (RLIN) 19788
942 ## - ADDED ENTRY ELEMENTS (KOHA)
Source of classification or shelving scheme Dewey Decimal Classification
Koha item type English Books
Classification part 500
Call number suffix UPK
Holdings
Withdrawn status Lost status Damaged status Not for loan Home library Current library Date acquired Source of acquisition Cost, normal purchase price Total Checkouts Full call number Barcode Date last seen Copy number Cost, replacement price Price effective from Koha item type Public note Collection code
        Central Library Central Library 27/06/2015 Cen Lib/Ret 78.00   500 UPK B-044934 09/01/2020 1 78.00 27/06/2015 English Books Legal Case (Register 2019)  
      Not For Loan Central Library Central Library 29/07/2015 Cen Lib/Ret 78.00   500 UPK B-044935 29/07/2015 1 78.00 29/07/2015 English Books   Reference

© Delhi Public Library
Hit Counter
free hit counter